El control parlamentario del Gobierno en las democracias pluralistas / (Record no. 47133)

MARC details
000 -LEADER
campo de control de longitud fija 01110nam a2200253 i 4500
001 - NÚMERO DE CONTROL
campo de control 47133
003 - IDENTIFICADOR DE NÚMERO DE CONTROL
campo de control ES-MaACL
005 - FECHA Y HORA DE LA ÚLTIMA TRANSACCIÓN
campo de control 20240529154517.0
007 - CAMPO FIJO DE DESCRIPCIÓN FÍSICA--INFORMACIÓN GENERAL
campo de control de longitud fija t|
008 - DATOS DE LONGITUD FIJA--INFORMACIÓN GENERAL
campo de control de longitud fija 030403s1978 sp ||||1| spa d
020 ## - NÚMERO INTERNACIONAL ESTÁNDAR DEL LIBRO
Número Internacional Estándar del Libro 84-335-3209-X
111 2# - ENTRADA PRINCIPAL--NOMBRE DE CONGRESO/REUNIÓN
Nombre de congreso/reunión o jurisdicción como elemento de entrada Jornadas Internacionales de Ciencia Política y Derecho Constitucional (
Número del congreso/reunión o número de parte o sección 3ª.
Fecha del congreso o de la firma del tratado 1978.
Sede del congreso/Lugar de la reunión Zaragoza)
9 (RLIN) 172030
245 13 - MENCIÓN DEL TÍTULO
Título El control parlamentario del Gobierno en las democracias pluralistas /
Mención de responsabilidad, etc. Terceras Jornadas Internacionales de Ciencia Política y Derecho Constitucional, organizadas por la Cátedra de Derecho Político de la Universidad de Zaragoza ... [et al.] ; edición de Manuel Ramírez.
260 ## - PUBLICACIÓN, DISTRIBUCIÓN, ETC.
Lugar de publicación, distribución, etc. [Madrid] :
Nombre del editor, distribuidor, etc. Labor,
Fecha de publicación, distribución, etc. [1978]
300 ## - DESCRIPCIÓN FÍSICA
Extensión 497 p. ;
Dimensiones 22 cm.
504 ## - NOTA DE BIBLIOGRAFÍA, ETC.
Nota de bibliografía, etc. Referencias bibliográficas.
650 #4 - PUNTO DE ACCESO ADICIONAL DE MATERIA--TÉRMINO DE MATERIA
Término de materia o nombre geográfico como elemento de entrada Control parlamentario-
Subdivisión de forma Congresos y asambleas.
9 (RLIN) 172031
650 #4 - PUNTO DE ACCESO ADICIONAL DE MATERIA--TÉRMINO DE MATERIA
Término de materia o nombre geográfico como elemento de entrada Derecho constitucional-
Subdivisión de forma Congresos y asambleas.
9 (RLIN) 172032
700 1# - ENTRADA AGREGADA--NOMBRE PERSONAL
Nombre de persona Ramírez, Manuel,
Fechas asociadas al nombre 1940-2015
9 (RLIN) 172029
710 2# - ENTRADA AGREGADA--NOMBRE DE ENTIDAD CORPORATIVA
Nombre de entidad corporativa o nombre de jurisdicción como elemento de entrada Universidad de Zaragoza
9 (RLIN) 7352
852 4# - LOCALIZACIÓN
Ubicación ES-MaACL
Número de control de estantería A-8400
852 4# - LOCALIZACIÓN
Ubicación ES-MaACL
Número de control de estantería L-1981
Holdings
Estatus retirado Estado de pérdida Estado de daño No para préstamo Biblioteca de origen Biblioteca actual Ubicación en estantería Fecha de adquisición Fuente de adquisición Total de préstamos Signatura topográfica completa Código de barras Visto por última vez Precio de reemplazo Tipo de ítem Koha
        Biblioteca del Ateneo de Madrid Biblioteca del Ateneo de Madrid Depósito 2 17/01/2008     L-1981 1049577 23/02/2023 23/02/2023 Libro impreso
        Biblioteca del Ateneo de Madrid Biblioteca del Ateneo de Madrid Depósito 1 17/01/2008     A-8400 1049576 23/02/2023 23/02/2023 Libro impreso